1672 1649 1120 1860 1480 1340 1057 1194 1155 1557 1209 1574 1898 1609 1305 1838 1426 1986 1694 1700 1777 1373 1928 1102 1742 1776 1439 1072 1757 1991 1088 1038 1315 1060 1870 1183 1802 1481 1124 1813 1242 1818 1940 1018 1572 1757 1838 1174 1821 1161 1997 1337 1902 1527 1402 1893 1929 1326 1599 1564 1354 1831 1116 1344 1241 1628 1851 1034 1784 1779 1901 1831 1380 1697 1502 1150 1581 1048 1987 1635 1899 1465 1227 1501 1060 1197 1950 1791 1185 1309 1749 1545 1440 1027 1986 1655 1925 1633 1620 BCNSPRNW ULIB Ver.6.0+V

เปลี่ยนเป็นภาษาไทย

Change to English
 แสดงรายละเอียดบรรณานุกรม
  กลับหน้าหลัก

Brief Record : Get Marc (ISO 2709) : E-mail record : QR code < ปิดหน้าต่าง
LEADER : 00000nam 2200000uu 4500
001    13399111610
003     ULIB
008    110627s||||||||th 000 0 tha d
020    9789748300344
090    นว.^bจ685บ 2550
100 0  จูน
245 00 บาปเสน่หา/^cจูน
250    พิมพ์ครั้งที่ 2
260    กรุงเทพฯ :^bปริ๊นเซส,^c2550
300    206 หน้า
945    ^p140^l0^i026732
995    ทศพร
999 ^a ใช้งานได้ทุกระบบ
รายการนี้ยังไม่มีแท็ก
คุณยังไม่ได้ล็อกอิน คุณสามารถมีกิจกรรมร่วมกับเว็บไซต์ได้ แต่ต้องล็อกอินก่อน ::
  ล็อกอิน

รายการสื่อสารสนเทศ

ลำดับที่ ประเภท เลขเรียก/บาร์โค้ด สถานที่ สถานะ
- ไม่พบข้อมูล -

รายการใกล้เคียง
    ผู้แต่ง [จูน]

BibComment


ยังไม่เคยถูกคอมเมนท์

คอมเมนท์ทรัพยากรรายการนี้
  คอมเมนท์: บาปเสน่หา จูน


 Copyright 2026. Bcnsprnw @Library